000 00489cam a22001577a 4500
008 180718b2006 xxu||||| |||| 00| 0 eng d
020 _a8170544424
082 _aBA27x5414 Pa21
100 _aParida, Jayanta
245 _aTribals: development, displacementan rehabilitation, a case study of Orissa
_cby Jayanta Parida
260 _aNew Delhi
_bClassical
_c2006
300 _a151p.
650 _a(India) --Economic conditions.
650 _aSocial conditions
650 _aScheduled tribes
999 _c493461
_d493461